6. Tavaszi Szakmai Napok az iskolában

Bibliographic Details
Main Author: -száz- (Author)
Format: Article
Language:Hungarian
Subjects:

MARC

LEADER 00000nab a2200000 a 4500
001 vtls000692756
003 SK-MaSNL
005 20260319075540.0
008 160405c1999 xo 0 hun
015 |a SNBRB1999/04-10626 
035 |a CLN000044923 
040 |a SNKBUCL  |b slo  |c SNKBUCL  |e AACR2 
041 0 |a hun 
044 |a xo  |c SK 
080 |a 373.3(437.623=945.11):371.14  |2 1997 
080 |a 371.14  |2 1997 
100 0 |a -száz-  |4 aut  |9 889234 
214 1 1 |a Hatodik Tavaszi Szakmai Napok az iskolában 
245 1 0 |a 6. Tavaszi Szakmai Napok az iskolában  |c [szerző] -száz- 
246 1 3 |a Hatodik Tavaszi Szakmai Napok az iskolában 
610 7 |a Základná škola Gergelya Czuczora s vyučovacím jazykom maďarským (Nové Zámky, Slovensko)  |2 snkbucl  |9 889235 
651 7 |a 404  |2 snkbucl  |9 296361 
655 7 |a články z novín a časopisov  |2 snkbucl  |9 267496 
773 0 |t Szabad újság  |g Roč. 7, č. 17 (1999), s. 9 
850 |a Slovenská národná knižnica v Martine 
852 |a SNK  |b KIS3GCP 
958 |a HU 
958 |a SK 
958 |a RBX 
999 |c 1410180  |d 1412110